10 biggest cities in the 10 biggest Asian countries - Statistics

General Stats
  • This quiz has been taken 23 times
  • The average score is 51 of 100
Answers on the Map
Answers color-coded by a green-red scale on the quiz's map according to % correct below.
 
Answer Stats
City Population % Correct
Beijing 18,960,744
100%
Shanghai 21,909,814
100%
Tokyo 9,733,276
100%
Jakarta 10,562,088
95%
Manila 1,846,513
95%
Chongqing 9,580,819
90%
Delhi 11,034,555
90%
Guangzhou 16,096,724
90%
Hanoi 3,605,364
90%
Ho Chi Minh City 7,004,921
90%
Islamabad 1,108,872
90%
İstanbul 15,244,936
90%
Osaka 2,752,412
90%
Ankara 5,186,002
86%
Dhaka 10,295,786
86%
Izmir 2,948,160
86%
Kyōto 1,463,723
86%
Mumbai 12,442,373
86%
Tehran 8,693,706
86%
Xi'an 9,392,938
86%
Ahmedabad 5,577,940
81%
Chengdu 13,568,357
81%
Chennai 4,646,732
81%
Karachi 18,868,021
81%
Lahore 13,004,135
81%
Shenzhen 17,444,609
81%
Wuhan 10,494,879
81%
Antalya 1,322,766
76%
Bengaluru 8,443,675
76%
Hyderabad 1,921,275 | 6,993,262
76%
Nagoya 2,332,176
76%
Pune 3,124,458
76%
Tianjin 11,052,404
76%
Chittagong 3,230,507
71%
Fukuoka 1,612,392
71%
Isfahan 1,961,260
71%
Kobe 1,525,152
71%
Kolkata 4,496,694
71%
Sapporo 1,973,395
71%
Surabaya 2,874,314
71%
Bandung 2,444,160
67%
Mashhad 3,001,184
67%
Yokohama 3,777,491
67%
Bursa 2,051,464
62%
Faisalabad 3,691,999
62%
Jaipur 3,046,163
62%
Surat 4,467,797
62%
Medan 2,435,252
57%
Adana 1,779,463
52%
Da Nang 988,561
52%
Gaziantep 1,680,723
52%
Shiraz 1,565,572
52%
Tabriz 1,558,693
52%
Qom 1,201,158
48%
Rawalpindi 3,357,612
48%
Makassar 1,423,877
43%
Dongguan 9,644,871
38%
Kawasaki 1,538,262
38%
Konya 1,365,287
38%
Peshawar 1,905,975
38%
Cebu City 964,169
33%
Davao City 1,776,949
33%
Palembang 1,668,848
33%
Quetta 1,565,546
33%
Quezon City 2,960,048
33%
Saitama 1,324,025
33%
Diyarbakir 1,087,786
29%
Haiphong 841,520
29%
Mersin 1,040,507
29%
Ahvaz 1,184,788
24%
Gujranwala 2,511,118
24%
Multan 2,215,381
24%
Semarang 1,653,524
24%
Can Tho 812,088
19%
Hue 351,456
19%
Karaj 1,592,492
19%
Bekasi 2,543,676
14%
Cagayan de Oro 728,402
14%
Gazipur 2,677,715
14%
Vung Tau 341,552
14%
Bien Hoa 830,829
10%
Caloocan 1,661,584
10%
Depok 2,056,335
10%
Kermanshah 946,651
10%
Khulna 719,557
10%
Mymensingh 577,000
10%
Sylhet 532,839
10%
Tangerang 1,895,486
10%
Urmia 736,224
10%
Zamboanga City 977,234
10%
Antipolo 887,399
5%
Bogura 486,016
5%
Pasig 803,159
5%
Rajshahi 553,288
5%
Rangpur 708,570
5%
Taguig 1,223,595
5%
Di An 474,681
0%
Narayanganj 967,951
0%
Thuan An 588,616
0%
No matching quizzes found
Score Distribution
Percent of People with Each Score
Percentile by Number Answered
Your Score History
You have not taken this quiz